South Eastern Kenya University

Library Online Public Access Catalogue


Contemporary medical office procedures / (Record no. 5447)

MARC details
000 -LEADER
fixed length control field 00412cam a22001454a 4500
020 ## - ISBN
International Standard Book Number 1401863450 (alk. paper)
050 00 - LIBRARY OF CONGRESS CALL NUMBER
Classification Number R728.8
Item Number .H84 2004
100 1# - MAIN ENTRY--Author
Personal name Humphrey, Doris,
Dates associated with a name 1943-
245 10 - TITLE
Title Contemporary medical office procedures /
Statement of responsibility, etc Doris D. Humphrey.
250 ## - EDITIONSTATEMENT
Edition statement 3rd ed.
260 ## - PUBLICATION, DISTRIBUTION, ETC.(IMPRINT)
Place of publication, distribution, etc Clifton Park, NY :
Name of publisher, distributor, etc Delmar Learning,
Date of publication, distribution, etc c2004.
300 ## - PHYSICAL DESCRIPTION
Extent xiv, 365 p. :
650 #0 - SUBJECT--TOPIC
General subdivision Automation.
942 ## - ADDED ENTRY ELEMENTS(KOHA)
Source of classification or shelving scheme Library of Congress Classification
Koha item type General circulation
Holdings
Source of classification or shelving scheme Not for loan Location (home branch) Sublocation (holding branch) Shelving location Date accessioned Full call number Barcode Koha item type Public note
Library of Congress Classification   SEKU - Nairobi Campus Library SEKU - Nairobi Campus Library   09/07/2015 R728.8 .H84 2004 2015/002608 General circulation amm
Kitui, Kenya.
+254736116989
library@seku.ac.ke